Countries of the Americas That Start with a Vowel Quiz Stats

 Plays Quiz Updated Aug 12, 2019

Score 0/6 Timer 02:00
3 Plays Today
Hint Answer % Correct
UUruguay
95.3%
EEcuador
93.2%
AArgentina
92.8%
UUnited States
86.7%
EEl Salvador
78.8%
AAntigua and Barbuda
70.8%

You're not logged in!

Compare scores with friends on all Sporcle quizzes.
OR
Log In

Sporcle TV

Today on Sporcle TV


Watch our educational content, quiz creation guides, and fun videos on Sporcle TV.

Show Comments

Extras

Top Quizzes Today


Score Distribution

Your Account Isn't Verified!

In order to create a playlist on Sporcle, you need to verify the email address you used during registration. Go to your Sporcle Settings to finish the process.

Report this User

Report this user for behavior that violates our Community Guidelines.

Details: